|
|
|
|
| LEADER |
00000nam0a2200000 4500 |
| 001 |
26747 |
| 005 |
20231101205741.0 |
| 010 |
|
|
|a 5818302288
|
| 035 |
|
|
|a (RuTPU)RU\TPU\book\26991
|
| 035 |
|
|
|a BOOK00027066
|
| 090 |
|
|
|a 26747
|
| 100 |
|
|
|a 20011209d2000 km y0rusy50 ca
|
| 101 |
1 |
|
|a rus
|c eng
|
| 102 |
|
|
|a RU
|
| 105 |
|
|
|a y eg 001zy
|
| 200 |
1 |
|
|a Социология. А-Я : Словарь-справочник
|d The Complete A-Z Sociology: handbook
|e пер. с англ.
|f Т. Лоусон, Дж. Гэррод
|
| 210 |
|
|
|a Москва
|c ФАИР-ПРЕСС
|d 2000
|
| 215 |
|
|
|a 604 с.
|
| 320 |
|
|
|a Алф. указ.: с. 580-603.
|
| 330 |
|
|
|a Словарь-справочник представляет собой пособие с алфавитным порядком расположения статей. В справочник включены все основные термины на русском и английском языках, с которыми приходится сталкиваться в процессе изучения дисциплины, а также изложены базовые принципы и концепции социологической науки. Содержание статей проиллюстрировано примерами, рисунками и графиками. Большинство статей снабжено выделенными курсивом ссылками. В конце справочника приведены тематические списки терминов.
|
| 510 |
1 |
|
|a The Complete A-Z Sociology: handbook
|z eng
|
| 606 |
1 |
|
|a Социология
|2 stltpush
|3 (RuTPU)RU\TPU\subj\67656
|9 83377
|
| 610 |
1 |
|
|a справочники
|
| 610 |
1 |
|
|a терминологические словари
|
| 686 |
|
|
|a С5я2
|v LBC/SL-A
|2 rubbk
|
| 700 |
|
1 |
|a Лоусон
|b Т.
|g Тони
|
| 701 |
|
1 |
|a Гэррод
|b Дж.
|g Джоан
|
| 801 |
|
0 |
|a RU
|b 63413507
|c 20011209
|g PSBO
|
| 801 |
|
2 |
|a RU
|b 63413507
|c 20140423
|g PSBO
|
| 900 |
|
|
|a Социология
|
| 942 |
|
|
|c BK
|